000 01392cam a22002891i 4500
003 SA-RiAUC
005 20241205142825.0
008 241203s2010 sy g 000 0dara c
040 _aSA-JeALM
_bara
_cSA-RiAUC.
_erda
050 4 _b. D3 2010
082 0 4 _a258.6
_qSA-RiAUC
090 _a258.6
_b ن د و
100 1 _aالندوي، سلمان محمد طاهر الحسيني،
_d1954-1990
_eمؤلف.
245 1 2 _aالاجتهاد والتقليد في ضوء كتابات الإمام ولي الله بن عبد الرحيم الدهلوي /
_cتأليف سلمان الحسيني الندوي؛ راجعه مجيب الرحمن عتيق الندوي.
250 _aالطبعة الأولى.
264 1 _aدمشق :
_bدار ابن كثير،
_c2010
300 _a152صفحة ؛
_c20 سم
336 _aنص
_btxt
_2rdacontent
_3كتاب
337 _aبدون وسيط
_bn
_2rdamedia
338 _aمجلد
_bnc
_2rdacarrier
600 1 7 _aشاه ولي الله، أحمد بن عبد الرحيم الفاروقي،
_d1110-1176 هجري
_xآراء حول أصول الفقه الإسلامي
_2aucnm
650 7 _aالاجتهاد (أصول فقه شيعي)
_2aucsh
650 7 _aالتقليد (فقه شيعي)
_2aucsh
700 _aالندوي, مجيب الرحمن عتيق.
_eراجعه
942 _2ddc
_cBOOK
_n0
949 _aSA-JeALM
_d241203
_umohamedma123
_n1
999 _c3071
_d3071